000 00566nam a22001697a 4500
082 _a610.28
100 _aDarakhshan, Fatima
245 _aDESIGN AND TESTING OF HYDROGEL BASED ACTUATOR FOR BIOMEDICAL APPLICATIONS
_cFatima Darakhshan
260 _aIslamabad:
_bSMME - NUST,
_c2017.
300 _a36 p.: ill.;
_c30cm.
650 _aMS-Thesis.
_918721
700 _aDr. Murtaza Najabat
_920996
856 _uhttp://10.250.8.41:8080/xmlui/handle/123456789/6648
942 _2ddc
_cTHE
999 _c529132
_d529132